000 00973 a2200241 4500
003 NUST
005 20221128132021.0
010 _a 79314904
020 _a071312704X :
040 _cNust
082 0 0 _a530,GAU
100 1 _aGautreau, Ronald
_9103685
245 1 0 _aTheory and problems of Modern physics :
_b Schaum's Outlines /
_c Ronald Gautreau, William Savin
250 _a2nd ed.
260 _a NY:
_b Mcgraw Hill ,
_c1999.
300 _a[10], 338p. :
_bill. ;
_c25 cm.
505 _aPart-1: The Special Theory Of Relativity (Page-3), Part-2: The Quantum Theory of Electromagnetic Radiation (Page-59), Part-3: Hydrogen like Atoms (Page-103), Part-4: Many-Electron Atoms (Page-135), Part-5: Nuclear Physics (Page-173), Part-6: Atomic Systems(Page-245), Appendix (Page-325).
650 0 _aAtoms.
_910462
650 0 _aNuclear physics.
_9259
700 1 _aMcDonell, J. A.,
_9103686
700 1 _aSpicer, Brian Milton,
_d1929-
_9103687
942 _2ddc
_cBK
_k530,GAU
999 _c180761
_d180761